| 000 | 01411cam a2200337 a 4500 | ||
|---|---|---|---|
| 001 | 4034978 | ||
| 003 | OSt | ||
| 005 | 20240614110647.0 | ||
| 008 | 980826s1999 nyua b 001 0 eng | ||
| 010 | _a 98037260 | ||
| 020 | _a0471317160 (cloth : alk. paper) | ||
| 040 |
_aDLC _cDLC _dDLC |
||
| 082 | 0 | 0 |
_a515.8 _bFOL 1999 |
| 100 | 1 |
_aFolland, G. B. _917201 |
|
| 245 | 1 | 0 |
_aReal analysis : _bmodern techniques and their applications / _cGerald B. Folland. |
| 250 | _a2nd ed. | ||
| 260 |
_aNew York : _bWiley, _c1999. |
||
| 300 |
_axiv, 386 p. : _bill. ; _c25 cm. |
||
| 490 | 1 | _aPure and applied mathematics | |
| 500 | _a"A Wiley-Interscience publication." | ||
| 504 | _aIncludes bibliographical references (p. 365-375) and index. | ||
| 650 | 0 |
_aMathematical analysis. _92757 |
|
| 650 | 0 |
_aFunctions of real variables. _915898 |
|
| 830 | 0 |
_aPure and applied mathematics (John Wiley & Sons : Unnumbered) _917202 |
|
| 856 | 4 | 2 |
_3Contributor biographical information _uhttp://www.loc.gov/catdir/bios/wiley047/98037260.html |
| 856 | 4 | 2 |
_3Publisher description _uhttp://www.loc.gov/catdir/description/wiley033/98037260.html |
| 856 | 4 |
_3Table of Contents _uhttp://www.loc.gov/catdir/toc/onix03/98037260.html |
|
| 906 |
_a7 _bcbu _corignew _d1 _eocip _f19 _gy-gencatlg |
||
| 942 |
_2ddc _cO_SHELF |
||
| 999 |
_c8460 _d8460 |
||